000 01209cam a2200265 4500
001 L219643
008 050506n2005 000 0 eng u
020 _a0750667036
035 _a(Sirsi) u129643
041 _aeng
050 _a692.8
_c18
100 _aTricker, Ray
245 _aBuilding regulations in brief
250 _a3rd ed.
260 _aOxford
_bElsevier Butterworth-Heinemann
_c2005
300 _axxii, 714p.
_c24cm
350 _a19.99
520 _aA quick reference manual to the requirements of the Building Regulations covering cost-effective ways to comply with the new requirements. This new edition includes revised Part A (structures), revised Part C (site preparation and resistance to contaminants and moisture), new Part P (electrical safety) and details of the proposed changes to Parts L (fuel consumption) and F (ventilation). Also includes a detailed index to help direct enquiries to the relevant section.
520 _aSuperseded by fourth edition (ISBN 075068058X).
590 _aIKA020805
650 _aBUILDING REGULATIONS 2000
650 _aBUILDING REGULATIONS 2000 APPROVED DOCUMENT F (2006 EDITION)
690 _aBuilding regulations
_96224
942 _n0
999 _c104252
_d104252